| 000 | 01531nam0a22002771 4500 | ||
|---|---|---|---|
| 001 | rc\4375735 | ||
| 005 | 20250612063846.0 | ||
| 021 |
_aRU _b[63-24470] |
||
| 035 | _a(NLR Aleph) 008544292 | ||
| 090 |
_a8366595 _c8366595 |
||
| 100 | _a20130416d1963 |||y0rusy50 ca | ||
| 101 | 0 | _arus | |
| 102 | _aRU | ||
| 105 | _aa z ||||| | ||
| 200 | 1 |
_aВопросы охраны здоровья детей и подростков _e(Материалы Науч. конференции по респ. проблеме "Охрана здоровья детей и подростков") _fПод ред. чл.-кор. АМН СССР проф. Д.Н. Калюжного и доц. С.С. Познанского _gМ-во здравоохранения УССР. Проблемная комис. Учен. мед. совета МЗ УССР. Укр. науч.-исслед. ин-т коммун. гигиены |
|
| 210 |
_aКиев _cГосмедиздат УССР _d1963 |
||
| 215 |
_a220 с. _cил. _d20 |
||
| 606 |
_aОхрана здоровья детей и подростков _jСборники _2psbo |
||
| 702 | 1 |
_aКалюжный _bД.Н. _gДенис Николаевич _4340 |
|
| 702 | 1 |
_aПознанский _bС.С. _4340 |
|
| 712 | 0 | 2 | _aУкраинская респ. науч. конференция по проблеме "Охрана здоровья детей и подростков" ( 1963; Киев) |
| 801 | 0 |
_aRU _bNLR _gpsbo |
|
| 801 | 1 |
_aRU _bELAR _2rusmarc |
|
| 852 |
_aNLR _j63-3/2370 |
||
| 942 | _cBOOK | ||
| 980 | _aNB | ||